LIBRARY & INFORMATION CENTRE, KCAET, TAVANUR

ONLINE PUBLIC ACCESS CATALOGUE (OPAC)

Mechanization of cultivated crops (Record no. 15581)

MARC details
000 -LEADER
fixed length control field 00429nam a22001577a 4500
003 - CONTROL NUMBER IDENTIFIER
control field OSt
008 - FIXED-LENGTH DATA ELEMENTS--GENERAL INFORMATION
fixed length control field 190517b ||||| |||| 00| 0 eng d
020 ## - INTERNATIONAL STANDARD BOOK NUMBER
ISBN 9789383305759
100 ## - MAIN ENTRY--AUTHOR NAME
Personal name surendra, Singh
245 ## - TITLE STATEMENT
Title Mechanization of cultivated crops
260 ## - PUBLICATION, DISTRIBUTION, ETC. (IMPRINT)
Place of publication New Delhi
Name of publisher New India publishing agency
Year of publication 2015
300 ## - PHYSICAL DESCRIPTION
Number of Pages 300p.
700 ## - ADDED ENTRY--PERSONAL NAME
Personal name Manes, Gursahib Singh
700 ## - ADDED ENTRY--PERSONAL NAME
Personal name Dixit, Anoop Kumar
942 ## - ADDED ENTRY ELEMENTS (KOHA)
Koha item type Books
Holdings
Withdrawn status Lost status Damaged status Collection code Home library Current library Shelving location Date acquired Cost, normal purchase price Full call number Accession Number Koha item type
      Non-fiction KAUAET KAUAET General Stacks 17/05/2019 2650.00 631.370954 SUR/ME 25785 Books
free website counter